000 00421nam a2200193Ia 4500
008 240510s9999 xx 000 0 und d
020 _a0001558510370
041 _aEng
082 _a006.6
082 _bS72
100 _aSTEVENS R.T.
245 0 _aFRACTAL PROGRAMMING IN C
260 _bM&T : CALIFORNIA
260 _c1989
300 _a583 p.
650 _aCOMPUTER GRAPHICS
942 _2ddc
942 _cLBK
999 _c26401
_d26401
945 _a1
_bMadushi Gamage
_c1
_dMadushi Gamage